| 000 | 00818nam a2200217 a 4500 | ||
|---|---|---|---|
| 001 | 59822 | ||
| 003 | BD-RjUL | ||
| 005 | 20211209080755.0 | ||
| 008 | 161227s1991 bg ||||| |||| 00| 0 ben d | ||
| 035 | _a(BD-RjUL)59946 | ||
| 040 |
_aBD-RjUL _bben _cBD-RjUL _dBD-RjUL |
||
| 041 | _aben | ||
| 082 |
_223 _a297.0954922 _bIST 1991 |
||
| 100 |
_aইসলাম, মুফাখখারুল _9170404 |
||
| 245 | 1 | 0 |
_aটাঙ্গাইলে ইসলাম / _cমুফাখখারুল ইসলাম |
| 260 |
_aঢাকা : _bইসলামিক ফাউন্ডেশন, _c১৯৯১ |
||
| 300 |
_a[১৪], ১১৪ পৃ. ; _c২১ সেমি. |
||
| 650 |
_aইসলাম _9171326 _zঢাকা (বাংলাদেশ) |
||
| 650 |
_aIslam _9175744 _zDhaka (Bangladesh) |
||
| 942 |
_2ddc _cBK |
||
| 999 |
_c59822 _d59822 |
||